000 00887nas a2200289 4500
001 BR0003661
003 BR-BrBNA
005 20231205101948.0
007 ta
008 230509b bl.|||p| |||| 00| 00por d
040 _aBR-BrBNA
_bpor
_cBiblioteca Nacional de Agricultura
041 _a(Pt)
072 _aL73
100 1 _aSanavria, A.
100 1 _aFernandes, C.G.N.
100 1 _aPeixoto, P.F.V.
100 1 _aFabris, V.E.
100 1 _aMorais, M.C. de
245 1 _aHabronemose cutanea em equinos: casuistica em quatro regioes fisiograficas do Estado do Rio de Janeiro
650 _aEquino
650 _aHabronemose
650 _aPele
650 _aRio de Janeiro
773 0 _tRevista Brasileira de Medicina Veterinaria (Brazil)
_xISSN 0100-2430
_g(May-Jun 2000), v. 22(3) p. 104-107
_wBR0003661
909 _a202311
_bLúcia
_c55
_dLúcia Elande
942 _2AGRIS
_n0
_cANA
999 _c164963
_d164963